[Event "Stuttgart-chC int"]
[Site "Ditzingen"]
[Date "2014.05.30"]
[Round "5"]
[White "Pillin, Josef"]
[Black "Hoffmann, Julian"]
[Result "0-1"]
[WhiteElo "786"]
[BlackElo "998"]
[PlyCount "108"]
[EventDate "2014.05.29"]
[EventType "swiss"]
[EventRounds "7"]
[EventCountry "GER"]
[SourceTitle "EXT 2015"]
[Source "ChessBase"]
[SourceDate "2014.11.20"]
[SourceVersion "1"]
[SourceVersionDate "2014.11.20"]
[SourceQuality "1"]

1. e4 e5 2. Nf3 Nc6 3. Bc4 Bc5 4. d3 Nf6 5. 0-0 d6 6. Nc3 0-0 7. Nd5 Be6 8. Bg5 Bxd5 9. exd5 Nd4 10. c3 Nf5 11. d4 exd4 12. cxd4 Bb6 13. Rc1 c5 14. dxc6 bxc6 15. Ba6 c5 16. dxc5 Bxc5 17. Rc2 h6 18. Bxf6 Qxf6 19. Qd5 Qg6 20. Bd3 Qe6 21. Qxf5 Qxf5 22. Bxf5 g6 23. Be4 Rfe8 24. Re1 f5 25. Bd5+ Kg7 26. Rxe8 Rxe8 27. a3 g5 28. g3 g4 29. Nh4 Re5 30. Rd2 Re1+ 31. Kg2 Re5 32. f4 gxf3+ 33. Nxf3 Re7 34. Nd4 Bxd4 35. Rxd4 Re2+ 36. Kh3 Rxb2 37. Ra4 Rd2 38. Rxa7+ Kf6 39. Bg2 Rd3 40. a4 Rd4 41. a5 Rg4 42. Bf3 Rg5 43. a6 Ke5 44. Re7+ Kd4 45. a7 Rg8 46. Rg7 Rxg7 47. a8Q Rg5 48. Qd5+ Ke3 49. Kg2 f4 50. Qe4+ Kd2 51. Qxf4+ Kc3 52. Qe3+ Kc4 53. Be4 d5 54. Qd4+ Kxd4 0-1

[Event "Stuttgart-chC int"]
[Site "Ditzingen"]
[Date "2013.05.10"]
[Round "3"]
[White "Pillin, Josef"]
[Black "Mirosenski, Roman"]
[Result "0-1"]
[WhiteElo "828"]
[BlackElo "896"]
[PlyCount "78"]
[EventDate "2013.05.09"]
[EventType "swiss"]
[EventRounds "7"]
[EventCountry "GER"]
[SourceTitle "EXT 2014"]
[Source "ChessBase"]
[SourceDate "2013.11.20"]
[SourceVersion "1"]
[SourceVersionDate "2013.11.20"]
[SourceQuality "1"]

1. e4 c5 2. Nc3 d6 3. d3 e6 4. g3 Nf6 5. Bg2 Nc6 6. Nge2 Be7 7. 0-0 0-0 8. d4 b6 9. d5 exd5 10. exd5 Ne5 11. Bg5 Bb7 12. Nf4 h6 13. Bxf6 Bxf6 14. Re1 Re8 15. Re2 Bg5 16. Nd3 Nxd3 17. Rxe8+ Qxe8 18. Qxd3 Qe5 19. Rd1 a5 20. a4 Ba6 21. Nb5 Qxb2 22. Re1 c4 23. Qe2 Bxb5 24. axb5 Qxb5 25. Rd1 Re8 26. Qf1 a4 27. Rb1 Qa5 28. Bh3 a3 29. Ra1 Qc3 30. Ra2 Re1 31. Rxa3 Rxf1+ 32. Bxf1 Qxa3 33. Bxc4 Qc1+ 34. Kg2 Qxc2 35. Bf1 Be3 36. Kh3 Qxf2 37. Bc4 g5 38. Be2 Qxe2 39. g4 Qf3# 0-1

[Event "Stuttgart-chC int"]
[Site "Ditzingen"]
[Date "2013.05.09"]
[Round "2"]
[White "Kobald, Pierre"]
[Black "Pillin, Josef"]
[Result "1-0"]
[WhiteElo "1075"]
[BlackElo "828"]
[PlyCount "35"]
[EventDate "2013.05.09"]
[EventType "swiss"]
[EventRounds "7"]
[EventCountry "GER"]
[SourceTitle "EXT 2014"]
[Source "ChessBase"]
[SourceDate "2013.11.20"]
[SourceVersion "1"]
[SourceVersionDate "2013.11.20"]
[SourceQuality "1"]

1. e4 e5 2. Nf3 Nc6 3. d4 d6 4. d5 Nce7 5. c4 g6 6. Nc3 Bg7 7. b4 c5 8. bxc5 dxc5 9. Bd3 f5 10. 0-0 Nf6 11. Nxe5 Nxe4 12. d6 Qxd6 13. Nb5 Qxe5 14. Bxe4 Qxa1 15. Nc7+ Kf8 16. Qd8+ Kf7 17. Bd5+ Kf6 18. Qd6+ 1-0